[Event "Paris-ch"]
[Site "Paris"]
[Date "1999.07.22"]
[Round "6"]
[White "Sahetchian, Armand"]
[Black "Daillet, Emmanuel"]
[Result "1-0"]
[WhiteElo "2172"]
[BlackElo "2281"]

1.Nf3 d5 2.g3 c5 3.Bg2 Nc6 4.O-O Nf6 5.d3 g6 6.Nbd2 Bg7 7.e4 O-O 8.c3 e5
9.Re1 h6 10.a3 dxe4 11.dxe4 Qe7 12.b4 Rd8 13.Qc2 cxb4 14.axb4 Qc7 15.Nc4 Be6
16.Ne3 Rac8 17.Qb1 b6 18.Bf1 a5 19.b5 Nb8 20.c4 Nbd7 21.Bb2 Ne8 22.h4 Nc5
23.Nd5 Bxd5 24.exd5 Nb3 25.Ra3 Nd4 26.Nxd4 exd4 27.Qd3 Nd6 28.Bxd4 Nxb5  1-0

[Event "Komercni Banka op"]
[Site "Pardubice"]
[Date "1999.07.23"]
[Round "8"]
[White "Meduna, Eduard"]
[Black "Jackova, Jana"]
[Result "1-0"]
[WhiteElo "2502"]
[BlackElo "2233"]

1.Nf3 d5 2.g3 Bg4 3.Bg2 Nd7 4.c4 e6 5.b3 Ngf6 6.O-O c6 7.Bb2 h6 8.d3 Bd6
9.Nbd2 O-O 10.Qc2 Re8 11.a3 a5 12.h3 Bh5 13.e4 Bf8 14.Bc3 b5 15.Kh2 Nc5 16.Nd4 Qb6
17.f4 Qa6 18.g4 Bg6 19.f5 Bh7 20.Rae1 a4 21.b4 Nb3 22.c5 Nxd4 23.Bxd4 e5
24.exd5 Nxd5 25.Bxe5 Rad8 26.Qa2 Qc8 27.Nf3 Kh8 28.Qd2 f6 29.Bg3 Bg8 30.Nd4 Ne3
31.Rxe3 Rxd4 32.Rfe1 Red8 33.Qc3 Qd7 34.Be4 Bf7 35.Kg1 Re8 36.Bxc6  1-0

[Event "Dutch Open"]
[Site "Dieren"]
[Date "1999.07.24"]
[Round "5"]
[White "Hartoch, Robert G"]
[Black "Lahaye, Rick"]
[Result "1/2-1/2"]
[WhiteElo "2329"]
[BlackElo "2184"]

1.Nf3 d5 2.g3 c6 3.Bg2 Nf6 4.O-O Bf5 5.d3 e6 6.c4 Bd6 7.Nc3 O-O 8.b3 h6 9.Bb2 Bh7
10.a3 Re8 11.b4 Nbd7 12.Qb3 a5 13.Nd2 Qe7 14.b5 Nc5 15.Qa2 Rad8 16.d4 Nce4
17.Ndxe4 Nxe4 18.Nxe4 dxe4 19.e3 e5 20.Rfd1 exd4 21.Bxd4 Be5 22.Qb2 Bxd4
23.Rxd4 c5 24.Rd2 Qe6 25.Bf1 Rd6 26.Rad1 Red8 27.Rxd6 Rxd6 28.Rxd6 Qxd6 29.b6 Bf5  1/2-1/2

[Event "Lippstadt"]
[Site "Lippstadt"]
[Date "1999.07.24"]
[Round "3"]
[White "Slobodjan, Roman"]
[Black "Mueller, Karsten"]
[Result "1-0"]
[WhiteElo "2550"]
[BlackElo "2533"]

1.Nf3 d5 2.g3 c6 3.Bg2 Bg4 4.O-O Nd7 5.d4 e6 6.Re1 Ngf6 7.Nbd2 Be7 8.c3 O-O
9.e4 dxe4 10.Nxe4 Nxe4 11.Rxe4 Bh5 12.Re1 c5 13.Be3 Rc8 14.Qd2 Nb6 15.dxc5 Bxc5
16.Bxc5 Rxc5 17.Qe3 Qc7 18.Ne5 Nd5 19.Qg5 Bg6 20.Qd2 Nb6 21.Qe2 Nd7 22.Nxg6 hxg6
23.Red1 Nf6 24.Rd2 b6 25.Rad1 g5 26.h3 Re5 27.Qf3 Rc8 28.Rd4 Kf8 29.Qd3 g6
30.c4 Rc5 31.b3 Kg7 32.Kf1 e5 33.Rd6 Qe7 34.Be4 R8c7 35.a4 Ne8 36.Rd8 Nf6
37.Qe3 Nxe4 38.Qxe4 R5c6 39.R8d5 Re6 40.Rd8 Rec6 41.Kg2 Qe6 42.Qe3 Qe7 43.R1d5 Rc5
44.Rd2 R5c6 45.Kg1 Rc5 46.Qe4 R5c6 47.R2d5 Rc5 48.Rd1 R5c6 49.R1d2 Kh7 50.Qg4 a5
51.Rb8 e4 52.Rdd8 Qe5 53.h4 f5 54.Qxg5 Qf6 55.Qf4 Rf7 56.Kg2 Re6 57.Rbc8 Rb7
58.Qd2 f4 59.gxf4 Rf7 60.Qd5 Qxf4 61.Rh8+ Kg7 62.Qd4+ Qe5 63.Rcg8+ Kf6 64.Qd8+ Ree7
65.Qxb6+ Qe6 66.Rh6 Rg7 67.Rf8+ Rgf7 68.Rxf7+ Kxf7 69.Qxe6+ Rxe6 70.h5 e3
71.fxe3 Rxe3 72.hxg6+ Kg7 73.Rh3 Re6 74.Rg3 Rf6 75.Rg5 Rb6 76.Rb5 Rxg6+ 77.Kf3 Rh6
78.Ke4  1-0

[Event "Korinthos op 3rd"]
[Site "Korinthos"]
[Date "1999.07.25"]
[Round "2"]
[White "Datsis, G."]
[Black "Savanovic, Aleksandar"]
[Result "0-1"]
[WhiteElo "2126"]
[BlackElo "2421"]

1.Nf3 d5 2.g3 c6 3.d3 Bg4 4.Bg2 Nf6 5.Nbd2 Nbd7 6.O-O e5 7.h3 Bh5 8.e4 dxe4
9.dxe4 Bc5 10.Qe1 O-O 11.c3 a5 12.Nc4 Re8 13.Nh4 Nb6 14.Nxa5 Rxa5 15.b4 Ra7
16.bxc5 Na4 17.g4 Bg6 18.Bg5 h6 19.Rd1 Qe7 20.Nxg6 fxg6 21.Be3 Nxc5 22.Qe2 Ra4
23.g5 hxg5 24.Bxg5 Ne6 25.Qc2 Rea8 26.Bxf6 gxf6 27.Ra1 Nf4 28.Rfe1 Qe6 29.Re3 Rxa2
30.Rxa2 Qxa2 31.Qd1 Qa1 32.Qxa1 Rxa1+ 33.Kh2 Kf8 34.Bf3 Ra2 35.Kg3 Rd2 36.c4 Rd3
37.Re1 Rb3 38.h4 Ke7 39.Ra1 f5 40.Re1 Kf6 41.exf5 gxf5 42.Re3 Rb4 43.Rc3 Ne6
44.Bg2 Nd4 45.Bf1 Rb3 46.Rxb3 Nxb3 47.Be2 Nd4 48.Bd1 b5 49.cxb5 cxb5 50.f4 b4
51.fxe5+ Kxe5 52.h5 f4+ 53.Kg4 Nf5 54.Bb3 Nh6+ 55.Kf3 Nf5 56.Kg4 Nh6+ 57.Kf3 Kf5
58.Bc4 Kg5 59.Ke4 Nf5 60.Kf3 b3 61.h6 b2 62.Bd3 Nxh6 63.Ke2 Nf7 64.Kd2 Ne5
65.Be4 Nc4+ 66.Ke2 Na3  0-1

[Event "Quebec op"]
[Site "Montreal"]
[Date "1999.07.25"]
[Round "3"]
[White "Nogueiras, Jesus"]
[Black "Linsky, Oleg"]
[Result "1/2-1/2"]
[WhiteElo "2559"]
[BlackElo "2385"]

1.Nf3 d5 2.g3 c6 3.Bg2 Bg4 4.c4 e6 5.cxd5 exd5 6.O-O Bd6 7.d3 Nf6 8.Nc3 O-O
9.h3 Bxf3 10.exf3 Re8 11.f4 Nbd7 12.Bd2 Qb6 13.Qc2 a5 14.Rae1 Qa6 15.Rxe8+ Rxe8
16.Re1 Rxe1+ 17.Bxe1 Nc5 18.Bf1 Ne6 19.Bd2 h6 20.Ne2 Bc5 21.f5 Nd4 22.Nxd4 Bxd4
23.g4 Qb6 24.Bc1 Qc7 25.Kg2 Qe5 26.Qe2 Qxe2 27.Bxe2 Nd7 28.b3 b5 29.Bd2 b4
30.Bf4 Nc5 31.Bd6 Nb7 32.Bf4 Nc5  1/2-1/2

[Event "Dutch Open"]
[Site "Dieren"]
[Date "1999.07.26"]
[Round "7"]
[White "De Jong, Migchiel"]
[Black "Markus, John Raymond"]
[Result "1/2-1/2"]
[WhiteElo "2317"]
[BlackElo "2156"]

1.Nf3 d5 2.g3 c6 3.Bg2 Bg4 4.O-O Nd7 5.d3 e5 6.Nbd2 Ngf6 7.e4 dxe4 8.dxe4 Qc7
9.h3 Bxf3 10.Qxf3 Be7 11.Qe2 O-O-O 12.Qc4 Rhf8 13.a4 Nc5 14.Qe2 Ne6 15.Nb3 c5
16.c3 Rd7 17.Nd2 Rfd8 18.Nc4 h6 19.h4 g5 20.hxg5 hxg5 21.Ne3 Rg8 22.Nf5 Kb8
23.Bd2 Qc8 24.Rfd1 Rg6 25.Be1 Bd8 26.Qb5 a6 27.Qc4 Bc7 28.Kf1 Rg8 29.Qe2 Rgd8
30.Ne3 Rxd1 31.Rxd1 Rxd1 32.Qxd1 Qd8 33.Qc2 Ng7 34.Bh3 Qh8 35.Kg2 Qh5 36.f3 Ne6
37.Bf2 Qh7 38.Bf5 Qg8 39.Nd5 Nd7 40.b4 Bd6 41.Qd3 Qf8 42.b5 axb5 43.Qxb5 Qc8
44.a5 Qc6 45.Qxc6 bxc6 46.Ne3 Ka7 47.Nc4 Bc7 48.Be3 Ndf8 49.Kf2 Ka6 50.Ke2 f6
51.Kd3 Kb5 52.Nb6 Kxa5 53.Bxe6 Nxe6 54.Nd7 Bd8 55.Kc4 Ka6 56.Bxc5 Kb7 57.Bd6 Kc8
58.Nc5 Nxc5 59.Kxc5 Kd7 60.g4 Ba5 61.c4  1/2-1/2

[Event "Glorney Cup U20"]
[Site "Bruges"]
[Date "1999.07.27"]
[Round "2"]
[White "Kennedy, John"]
[Black "Vaculik, Martin"]
[Result "0-1"]
[WhiteElo "2034"]
[BlackElo "2150"]

1.Nf3 d5 2.g3 Nf6 3.Bg2 Bf5 4.O-O e6 5.d3 h6 6.Nbd2 Be7 7.c3 c6 8.Re1 Bh7
9.Qb3 Qb6 10.Qxb6 axb6 11.e4 O-O 12.e5 Nfd7 13.d4 c5 14.h4 Nc6 15.Re3 Rfc8
16.a3 c4 17.Nh2 b5 18.f4 b4 19.Nhf3 b5 20.g4 g5 21.hxg5 hxg5 22.Nxg5 Bxg5
23.fxg5 b3 24.Nf3 b4 25.Nh4 Nf8 26.Bd2 bxa3 27.Bc1 axb2 28.Bxb2 Rxa1+ 29.Bxa1 Ra8
30.Bb2 Ra2 31.g6 Nxg6 32.Nxg6 Bxg6 33.Bxd5 exd5 34.e6 Rxb2 35.e7 Nxe7 36.Rxe7 Ra2  0-1

[Event "Lippstadt"]
[Site "Lippstadt"]
[Date "1999.07.28"]
[Round "7"]
[White "Naiditsch, Arkadij"]
[Black "Mueller, Karsten"]
[Result "1-0"]
[WhiteElo "2417"]
[BlackElo "2533"]

1.Nf3 d5 2.g3 c6 3.Bg2 Nf6 4.O-O Bg4 5.d3 Nbd7 6.Qe1 e5 7.e4 dxe4 8.dxe4 Bc5
9.Nbd2 O-O 10.h3 Bxf3 11.Bxf3 Qe7 12.Qe2 Rfd8 13.Nc4 Nf8 14.a4 Ne8 15.a5 a6
16.Be3 Bxe3 17.Qxe3 Rd4 18.Be2 Nf6 19.Bd3 Rad8 20.b3 Ng6 21.Rae1 h6 22.Re2 Nh5
23.Qf3 Qg5 24.Kh1 Nf6 25.h4 Nxh4 26.gxh4 Qxh4+ 27.Kg1 Nh5 28.Re3 R8d6 29.Nxd6 Rxd6
30.Qh3 Qg5+ 31.Kh1 Nf4 32.Qh2 Qf6 33.Rg1 h5 34.Qg3 g6 35.Qg5 Qxg5 36.Rxg5 f6
37.Rg1 Kg7 38.Rd1 Kf8 39.Be2 Ke7 40.Rxd6 Kxd6 41.Bc4 Kc5 42.c3  1-0

[Event "USA-ch (junior)"]
[Site "San Francisco"]
[Date "1999.07.28"]
[Round "2"]
[White "Martinez, Marcel"]
[Black "Bhat, Vinay S"]
[Result "1-0"]
[WhiteElo "2327"]
[BlackElo "2388"]

1.Nf3 d5 2.g3 e6 3.Bg2 Nf6 4.O-O Be7 5.b3 O-O 6.Bb2 b6 7.c4 c6 8.d4 Nbd7
9.Nbd2 Bb7 10.Qc2 Rc8 11.e4 Qc7 12.Rfe1 Rfd8 13.Rad1 h6 14.Qb1 Qb8 15.e5 Ne8
16.cxd5 cxd5 17.Nf1 a5 18.Nh4 Bb4 19.Re3 Nf8 20.f4 Qc7 21.f5 Be7 22.fxe6 Nxe6
23.Nf5 Bf8 24.Rc3 Qd7 25.Rxc8 Rxc8 26.h4 a4 27.N5e3 a3 28.Ba1 N8c7 29.Nh2 Na6
30.Qf5 Nb4 31.Qf2 Rc7 32.Nf3 Qc8 33.Ne1 Rc1 34.Qd2 Rxd1 35.Nxd1 Nc6 36.Nc2 Ne7
37.Nde3 Qa8 38.Bc3 Nc8 39.Bb4 Be7 40.Bxe7 Nxe7 41.Qb4 Nc6 42.Qxb6 Qa6 43.Qxa6 Bxa6
44.Nxd5 Nexd4 45.Nxa3 Nxe5 46.Nb4 Bd3 47.Kf2 Ng4+ 48.Ke1 Bh7 49.Nc4 Bb1 50.Nd2 Bh7
51.a4 Ne3 52.Bb7 Nef5 53.Kf2 Nd6 54.a5 Kf8 55.a6 N4b5 56.Nd5 Ke8 57.Nc4 Kd7
58.Ke3 Nf5+ 59.Kf4 Nfd4 60.b4 Ne2+ 61.Kf3 Ned4+ 62.Ke3 Nf5+ 63.Kf2 Nfd4 64.Na3 Na7
65.g4 f5 66.Ke3 Ndb5 67.Nxb5 Nxb5 68.g5 hxg5 69.hxg5 Bg8 70.Kf4 Be6 71.Ke5 g6
72.Nf4 Bf7 73.Kf6 Be8 74.Nxg6 Kc7 75.Kxf5 Nd6+ 76.Kf6 Nxb7 77.a7  1-0

[Event "Lippstadt"]
[Site "Lippstadt"]
[Date "1999.07.29"]
[Round "8"]
[White "Mirumian, Vigen"]
[Black "Slobodjan, Roman"]
[Result "1/2-1/2"]
[WhiteElo "2506"]
[BlackElo "2550"]

1.Nf3 d5 2.g3 g6 3.Bg2 Bg7 4.d4 Nf6 5.O-O O-O 6.Nbd2 c6 7.c4 Ne4 8.e3 Nxd2
9.Nxd2 Be6 10.cxd5 cxd5 11.Nb1 Nd7 12.Nc3 Nf6 13.h3 Qd7 14.Kh2 Rac8 15.Bd2 Bf5
16.Qb3 Bd3 17.Rfc1 Bc4 18.Qd1 e6 19.a4 Rfe8 20.Be1 a5 21.b3 Ba6 22.Nb5 Bxb5
23.axb5 b6 24.Bf1 Ne4 25.Kg2 e5 26.dxe5 Bxe5 27.Rxc8 Rxc8 28.Rc1 Rxc1 29.Qxc1 d4
30.exd4 Bxd4 31.Qc6 Qe7 32.Qd5 Bc5 33.Bd3 Nd6 34.Bc3 Qb7 35.Qc6 Kf8 36.Qxb7 Nxb7
37.f4 Nd6 38.g4 Ke7 39.Kf3 Ke6 40.h4 Kd5 41.Be5 Bd4 42.Bxd6 Kxd6 43.Bc4 Ke7
44.Ke4 Bf2 45.h5  1/2-1/2

[Event "Hotel Agro IM A"]
[Site "Budapest"]
[Date "1999.07.30"]
[Round "1"]
[White "Krutti, Valer"]
[Black "Serrer, Christoph"]
[Result "1-0"]
[WhiteElo "2357"]
[BlackElo "2257"]

1.Nf3 d5 2.g3 Nf6 3.Bg2 c6 4.O-O Bg4 5.b3 e6 6.Bb2 Nbd7 7.c4 Bd6 8.d3 O-O
9.Nbd2 Re8 10.h3 Bh5 11.Qc2 Qe7 12.e4 dxe4 13.dxe4 e5 14.Nh4 Bg6 15.a3 a5
16.Rfe1 Bc5 17.Ndf3 Qd8 18.Bc3 b6 19.Nxg6 hxg6 20.b4 axb4 21.axb4 Rxa1 22.Rxa1 Bd6
23.Ng5 Bb8 24.h4 Nf8 25.Bh3 N6d7 26.Qb3 Qe7 27.Ra6 c5 28.b5 f6 29.Nf3 Ne6
30.Bxe6+ Qxe6 31.Nd2 f5 32.Nf3 fxe4 33.Ng5 Qg4 34.Bd2 Bc7 35.Qe3 Nf6 36.Ra7 Rc8
37.Kg2 Qf5 38.Qe2 Qd7 39.Be3 Rd8 40.Qc2 Qd6 41.Nxe4 Nxe4 42.Qxe4 Bb8 43.Rb7 Rd7
44.Rxd7 Qxd7 45.Qxg6 Qb7+ 46.Kf1 e4 47.h5 Qf7 48.Qxf7+ Kxf7 49.Bg5 Bc7 50.Ke2 Ke6
51.g4 Bh2 52.Bd8  1-0

[Event "Quebec op"]
[Site "Montreal"]
[Date "1999.07.31"]
[Round "9"]
[White "Hebert, Jean"]
[Black "Lazarev, Vladimir"]
[Result "1/2-1/2"]
[WhiteElo "2454"]
[BlackElo "2501"]

1.Nf3 d5 2.g3 Bg4 3.Bg2 Nd7 4.d3 e6 5.O-O Bd6 6.c4 c6 7.Be3 Ne7 8.cxd5 exd5
9.Qa4 Bh5 10.Nc3 O-O 11.Rfe1 Nf5 12.Bg5 f6 13.Bd2 Kh8 14.Rac1 a5 15.Bh3 Bg6
16.e4 Nc5 17.Qc2 Ne7 18.Nh4 dxe4 19.dxe4 Bf7 20.Be3 b6 21.Red1 Qb8 22.Bxc5 Bxc5
23.Na4 Bd6 24.Nxb6 Qxb6 25.Rxd6 Bxa2 26.Nf5 Qb4 27.Rd4 Qb6 28.Rd6 Qb4 29.Rd4 Qb6
30.Rd2 Nxf5 31.Bxf5 Qb4 32.Qc3 c5 33.Rd7 Rfd8 34.Rc7 c4 35.h4  1/2-1/2

[Event "Korinthos op 3rd"]
[Site "Korinthos"]
[Date "1999.08.01"]
[Round "9"]
[White "Velickovic, Sasa"]
[Black "Savanovic, Aleksandar"]
[Result "1/2-1/2"]
[WhiteElo "2423"]
[BlackElo "2421"]

1.Nf3 d5 2.g3 c6 3.Bg2 Bg4 4.d3 Nd7 5.Nbd2 Ngf6 6.O-O e5 7.e4 dxe4 8.dxe4 Bc5
9.Qe2 O-O 10.c3 a5  1/2-1/2

[Event "Lippstadt"]
[Site "Lippstadt"]
[Date "1999.08.01"]
[Round "10"]
[White "Mirumian, Vigen"]
[Black "Wehmeier, Stefan"]
[Result "1-0"]
[WhiteElo "2506"]
[BlackElo "2428"]

1.Nf3 d5 2.g3 c6 3.Bg2 Bf5 4.O-O Nf6 5.d3 h6 6.Nbd2 e6 7.b3 Nbd7 8.Bb2 Bc5
9.a3 O-O 10.b4 Bd6 11.c4 Qe7 12.Re1 e5 13.e4 dxe4 14.dxe4 Bg4 15.Qc2 Rfd8
16.Nh4 Nf8 17.c5 Bc7 18.Nf5 Qe6 19.Nc4 N6d7 20.Ncd6 b6 21.Bf1 Bxf5 22.exf5 Qe7
23.Rad1 bxc5 24.bxc5 f6 25.Bc4+ Kh7 26.Ne4 a5 27.Ba2 Nb8 28.Rxd8 Qxd8 29.Rd1 Nfd7
30.Qb3 Ra7 31.Qf7 Qf8 32.Nxf6+ Kh8 33.Nxd7 Nxd7 34.Rxd7  1-0

[Event "Montecatini Terme op 8th"]
[Site "Montecatini Terme"]
[Date "1999.08.01"]
[Round "2"]
[White "Badea, Bela"]
[Black "Marzano, Carlo"]
[Result "1-0"]
[WhiteElo "2479"]
[BlackElo "2233"]

1.Nf3 d5 2.g3 c6 3.Bg2 Bg4 4.c4 e6 5.cxd5 exd5 6.O-O Nd7 7.d3 Ngf6 8.Nc3 Bc5
9.e4 dxe4 10.dxe4 O-O 11.h3 Bxf3 12.Qxf3 Re8 13.Kh2 Ne5 14.Qe2 Qd3 15.Qxd3 Nxd3
16.f4 Rad8 17.e5 Nd7 18.Ne4 Nxc1 19.Raxc1 Bf8 20.Rf2 Nb6 21.a3 Nd5 22.Re2 f6
23.exf6 Nxf6 24.Nxf6+ gxf6 25.Rce1 Rxe2 26.Rxe2 Rd7 27.Be4 Re7 28.g4 Kg7
29.Kg3 Re8 30.Kf3 Bc5 31.Rd2 h6 32.b4 Bf8 33.Rd7+ Re7 34.Rd8 Rc7 35.Bf5 a5
36.bxa5 Bxa3 37.Be6 Bf8 38.Ke4 Re7 39.Kf5 Rc7 40.Rb8 Re7 41.Bc8 Rc7 42.Rxb7 Bd6
43.a6 Rxb7 44.Bxb7 Bc5 45.Ke6 Bd4 46.Bxc6 Bg1 47.Be4 Bf2 48.Kd7 Kf7 49.Kc6 Ke7
50.Kb7  1-0

[Event "BCF-ch 86th"]
[Site "Scarborough"]
[Date "1999.08.01"]
[Round "1"]
[White "McFarland, Robert"]
[Black "Baburin, Alexander"]
[Result "0-1"]
[WhiteElo "2267"]
[BlackElo "2593"]

1.Nf3 d5 2.g3 Nf6 3.Bg2 g6 4.c4 Bg7 5.O-O O-O 6.d4 dxc4 7.Na3 Nc6 8.Nxc4 Be6
9.b3 Bd5 10.Bb2 a5 11.Ne3 Be4 12.a3 Qc8 13.Nc4 Rd8 14.e3 h6 15.Qe2 Qe6 16.Rac1 Bd5
17.Rfd1 Ne4 18.Qc2 f5 19.Nfd2 Nxd2 20.Nxd2 Bxg2 21.Kxg2 Rd5 22.Nb1 Qf7 23.Nc3 Rd7
24.Na4 Rd6 25.Nc5 Nd8 26.Nd3 Rc6 27.Bc3 Qd5+ 28.Kg1 Ne6 29.b4 Ng5 30.Nf4 Qf3
31.h4 Ne4 32.Qb3+ Kh7 33.Be1 axb4 34.Rxc6 bxc6 35.axb4 g5 36.Ng2 f4 37.gxf4 gxf4
38.Rc1 Rg8 39.Qd1 Qh3 40.Qd3 Qf3 41.Qd1 Qh3 42.Qd3 f3 43.Qxe4+ Kh8 44.Nf4 Be5+  0-1

[Event "Scandic Hotels CC"]
[Site "Stockholm"]
[Date "1999.08.02"]
[Round "3"]
[White "Kallio, Heikki"]
[Black "Yakovich, Yuri"]
[Result "1-0"]
[WhiteElo "2360"]
[BlackElo "2592"]

1.Nf3 d5 2.g3 c6 3.Bg2 Bg4 4.O-O Nd7 5.d3 e6 6.Nbd2 Bd6 7.e4 Ne7 8.Qe2 O-O
9.h3 Bh5 10.g4 Bg6 11.Nh4 Qc7 12.Ndf3 Rae8 13.Re1 f6 14.exd5 Nxd5 15.Nxg6 hxg6
16.d4 Bf4 17.c4 N5b6 18.Nh4 Bxc1 19.Raxc1 Kh7 20.Qd2 Rf7 21.f4 Rfe7 22.Qf2 Nf8
23.Be4 f5 24.Bb1 Nbd7 25.d5 exd5 26.Rxe7 Rxe7 27.gxf5 Nf6 28.fxg6+ Kg8 29.Nf5 Re8
30.c5 Re6 31.Nd4 Re8 32.b4 Ne6 33.Nxe6 Rxe6 34.Bf5 Re7 35.Kh1 Qd8 36.Re1 Qe8
37.Rxe7 Qxe7 38.Kg1 Kf8 39.Kf1 Ne4 40.Qe3 Qf6 41.Bxe4 dxe4 42.Qxe4 Qa1+ 43.Kg2 Qxa2+
44.Kg3 Qb3+ 45.Kh4 Qb2 46.Kg4 Qa1 47.Kg5 a5 48.bxa5 Qg1+ 49.Kh5 Qxc5+ 50.Qe5 Qb5
51.Kg5 Qb3 52.Qb8+ Ke7 53.Qc7+ Ke8 54.Qf7+ Qxf7 55.gxf7+ Kxf7 56.Kf5 Ke7
57.Ke5 g6 58.f5 gxf5 59.Kxf5 Kd6 60.h4  1-0

[Event "BCF-ch 86th"]
[Site "Scarborough"]
[Date "1999.08.03"]
[Round "3"]
[White "Koneru, Humpy"]
[Black "Player, Edmund C"]
[Result "1-0"]
[WhiteElo "2229"]
[BlackElo "2105"]

1.Nf3 d5 2.g3 Nf6 3.Bg2 e6 4.O-O Be7 5.c4 O-O 6.b3 c5 7.cxd5 exd5 8.d4 Nc6
9.Nc3 Bg4 10.dxc5 Bxc5 11.Bb2 Re8 12.h3 Bf5 13.Rc1 Bf8 14.Nd4 Nxd4 15.Qxd4 Qd7
16.Kh2 Rac8 17.Rfd1 Bc5 18.Qf4 Be6 19.e4 d4 20.Na4 b6 21.e5 Nd5 22.Qe4 Qe7
23.Bxd4 Bxd4 24.Rxc8 Rxc8 25.Qxd4 Nb4 26.Nc3 g6 27.Rd2 Qc5 28.Ne2 Qxd4 29.Nxd4 Rd8
30.a3 Nc2 31.Rxc2 Rxd4 32.Rc3 Rd2 33.f3 Re2 34.g4 Rxe5 35.f4 Re2 36.Kg3 Rb2
37.b4 Rb3 38.Rxb3 Bxb3 39.g5 f6 40.h4 f5 41.Kf2 Kf7 42.Ke3 Ke6 43.Kd4 Kd6
44.Bf3 Bf7 45.Be2 Bd5 46.h5 Be6 47.hxg6 hxg6 48.Bb5 Bf7 49.a4 a5 50.Kc3 Ke7
51.bxa5 bxa5 52.Kd3 Kd6 53.Kd4 Bb3 54.Be8 Ke7 55.Bxg6 Bxa4 56.Bxf5 Be8 57.Bd3 a4
58.f5 Bf7 59.Bc4 Be8 60.Ke5 Bh5 61.g6 a3 62.f6+ Ke8 63.g7 Bf7 64.g8=Q+  1-0

[Event "MK Cafe Cup-B"]
[Site "Koszalin"]
[Date "1999.08.04"]
[Round "2"]
[White "Khasin, Alexander"]
[Black "Jakubowski, Krzysztof"]
[Result "1/2-1/2"]
[WhiteElo "2511"]
[BlackElo "2320"]

1.Nf3 d5 2.g3 Nf6 3.Bg2 e6 4.c4 Be7 5.O-O O-O 6.d4 dxc4 7.Qc2 a6 8.a4 Nbd7
9.Nbd2 Nb6 10.Rd1 Nfd5 11.a5 Nb4 12.Qb1 N6d5 13.Nxc4 b5 14.axb6 cxb6 15.e4 Nf6
16.Nfe5 Bb7 17.Be3 b5 18.Na5 Qb8 19.Nxb7 Qxb7 20.d5 exd5 21.exd5 Nbxd5 22.Bg5 Rad8
23.Bxf6 Bxf6 24.Ng4 Qc8 25.h3  1/2-1/2

[Event "MK Cafe Cup-B"]
[Site "Koszalin"]
[Date "1999.08.05"]
[Round "3"]
[White "Buturin, Vladimir"]
[Black "Sulskis, Giedrius"]
[Result "1-0"]
[WhiteElo "2388"]
[BlackElo "2189"]

1.Nf3 d5 2.g3 c6 3.Bg2 Bg4 4.d3 Bxf3 5.Bxf3 Nf6 6.Nd2 Nbd7 7.c4 e6 8.b3 a5
9.a3 Bd6 10.Bb2 O-O 11.O-O Re8 12.Qc2 Qe7 13.Rfc1 h6 14.Bg2 e5 15.cxd5 Nxd5
16.Nc4 Bc5 17.Qd2 Bd4 18.e3 Bxb2 19.Qxb2 Nc7 20.Rd1 Nb5 21.Bh3 Nf6 22.Qd2 Qc7
23.Bg2 Nd7 24.Rac1 Nc5 25.Qb2 a4 26.bxa4 Nxa4 27.Qb3 Qe7 28.Rd2 Red8 29.Bf1 Nc5
30.Qb2 f6 31.Ra1 Na4 32.Qb3 Kh8 33.Rc1 Nc5 34.Qb2 Ra6 35.Ra1 Rda8 36.Rc2 Ne6
37.Rcc1 R8a7 38.Rcb1 Nd8 39.d4 exd4 40.exd4 Nxa3 41.Re1 Qf8 42.Nxa3 Rxa3
43.Rxa3 Rxa3 44.Bh3 Nf7 45.Qxb7 Ng5 46.Bg2 Qd6 47.Re8+ Kh7 48.Qb1+  1-0

[Event "MK Cafe Cup-B"]
[Site "Koszalin"]
[Date "1999.08.05"]
[Round "3"]
[White "Agababean, Naira"]
[Black "Jonczyk, Jerzy"]
[Result "1/2-1/2"]
[WhiteElo "2329"]
[BlackElo "2185"]

1.Nf3 d5 2.g3 c6 3.Bg2 Nf6 4.b3 Bg4 5.Bb2 Nbd7 6.d3 e6 7.Nbd2 Bd6 8.O-O O-O
9.a3 Re8 10.e4 dxe4 11.dxe4 Be5 12.Qc1 Bxf3 13.Bxf3 Bxb2 14.Qxb2 Ne5 15.Qxe5 Qxd2
16.Rac1 Qd7 17.Rcd1 Qe7 18.Qd6 e5 19.Bg2 Qxd6 20.Rxd6 Rad8 21.Rfd1 Rxd6 22.Rxd6 Kf8  1/2-1/2

[Event "Montecatini Terme op 8th"]
[Site "Montecatini Terme"]
[Date "1999.08.05"]
[Round "6"]
[White "Badea, Bela"]
[Black "Gorbatow, Alexej"]
[Result "1/2-1/2"]
[WhiteElo "2479"]
[BlackElo "2353"]

1.Nf3 d5 2.g3 g6 3.Bg2 Bg7 4.d4 Nf6 5.O-O O-O 6.c4 Nc6 7.cxd5 Nxd5 8.e4 Nb6
9.d5 Na5 10.Qe1 Nac4 11.Nc3 e6 12.b3 Ne5 13.Nxe5 Bxe5 14.Ba3 Re8 15.Rd1 Qf6
16.Ne2 Bb2 17.Bxb2 Qxb2 18.Rd2 Qa3 19.Qc1 Qxc1 20.Rxc1 exd5 21.exd5 Re7 22.Nd4 Rd7
23.Rdc2 Nxd5 24.Nb5 Rb8 25.Nxc7 Nb4 26.Re2 Rd8 27.a3 Nc6 28.Re3 Bd7 29.Nb5 a6
30.Nd6 Be6 31.Ne4 Nd4 32.b4 b6 33.h3 h6  1/2-1/2

[Event "Financial Concept Open 6th"]
[Site "North Bay"]
[Date "1999.08.05"]
[Round "3"]
[White "Saleh, Maher"]
[Black "Duong Thanh Nha"]
[Result "0-1"]
[WhiteElo "2220"]
[BlackElo "2332"]

1.Nf3 d5 2.g3 c6 3.Bg2 Nf6 4.O-O Nbd7 5.d4 e6 6.Nbd2 Be7 7.c4 O-O 8.Qc2 b6
9.e4 Bb7 10.b3 Rc8 11.Bb2 Qc7 12.Rad1 Rfd8 13.Rfe1 dxe4 14.Nxe4 Nxe4 15.Qxe4 Nf6
16.Qe2 Bb4 17.Rf1 Qe7 18.Ne5 Bd6 19.Qf3 Rc7 20.Rfe1 Ba3 21.Ba1 Nd7 22.Ng4 Bb4
23.Re3 h5 24.Ne5 Nxe5 25.Rxe5 g6 26.h4 Rcd7 27.Rf1 Qf8 28.Bh3 Re7 29.Rg5 Bd2
30.Qxh5 Bxg5 31.Qxg5 Kh7 32.h5 gxh5 33.Re1 Bc8 34.Re4 f6 35.Qxh5+ Qh6 36.Qf3 Rg7
37.Rg4 Qxh3 38.Rxg7+ Kxg7 39.Qxc6 e5  0-1

[Event "BCF-ch 86th"]
[Site "Scarborough"]
[Date "1999.08.05"]
[Round "5"]
[White "Simons, Martin"]
[Black "Buckley, David"]
[Result "1/2-1/2"]
[WhiteElo "2264"]
[BlackElo "2163"]

1.Nf3 d5 2.g3 Bg4 3.Bg2 Nd7 4.O-O c6 5.d3 Ngf6 6.Nbd2 e5 7.c4 Bc5 8.cxd5 cxd5
9.d4 Bd6 10.Nxe5 Nxe5 11.dxe5 Bxe5 12.Nf3 Bd6 13.Bg5 Be6 14.Qa4+ Qd7 15.Qxd7+ Nxd7
16.Rfd1 O-O 17.Rac1 Rac8 18.Nd4 Be5 19.b3 Rxc1 20.Bxc1 Rc8 21.Be3 a6 22.Bf4 Bf6
23.Bf3 Ne5 24.Bg2 Ng6 25.Be3 h6 26.h4 Ne7 27.Rd2 Kf8 28.Rc2 Rxc2 29.Nxc2 Nc6
30.Bc5+ Be7 31.Bb6 Nb4 32.Nxb4 Bxb4 33.e3 Bc3 34.Kf1 Ke7 35.Ke2 Kd6 36.Kd3 Be1
37.Ke2 Bc3 38.Bd4 Bxd4 39.exd4 Bf5 40.Kd2 Be6 41.b4 Kc6 42.Bf1 Bf5 43.a4 Kd6
44.Be2 Bd7 45.Bd1 Bc6 46.Bc2 Bd7 47.Ke3 g5 48.hxg5 hxg5 49.f4 f6 50.a5 Be6
51.Ba4 Bd7 52.Bc2 Ke7 53.Bg6 Bg4 54.Bh7 Kf7 55.fxg5 fxg5 56.Kd2 Kf6 57.Bd3 Bd7
58.Ke3 Ke6 59.Kd2 Kd6 60.Kc3 Bb5 61.Bg6 Bd7 62.Kd2 Bb5 63.Ke3 Bd7 64.Kf3 Ke7
65.Bd3 Kd6 66.Bc2 Ke7 67.Bb3 Kd6  1/2-1/2

[Event "Scandic Hotels CC"]
[Site "Stockholm"]
[Date "1999.08.05"]
[Round "6"]
[White "Kallio, Heikki"]
[Black "Brynell, Stellan"]
[Result "1/2-1/2"]
[WhiteElo "2360"]
[BlackElo "2488"]

1.Nf3 d5 2.g3 Nf6 3.Bg2 g6 4.O-O Bg7 5.d3 O-O 6.Nbd2 Nc6 7.c3 a5 8.e4 e5
9.Re1 Re8 10.exd5 Nxd5 11.a4 h6 12.Nc4 Bf5 13.Nh4 Be6 14.Nf3 Bf5 15.Nh4 Be6
16.Nf3 Bf5  1/2-1/2

[Event "CRA-ch"]
[Site "Antiguo"]
[Date "1999.08.06"]
[Round "6"]
[White "Jimenez, Juan Leon"]
[Black "Ugalde, Ronald"]
[Result "1/2-1/2"]
[WhiteElo "2252"]
[BlackElo "2183"]

1.Nf3 d5 2.g3 c6 3.Bg2 Nf6 4.O-O g6 5.b3 Bg7 6.Bb2 O-O 7.c4 Bg4 8.d4 Ne4
9.Nbd2 Bxf3 10.Nxf3 e6 11.Qc2 Nd7 12.Ne5 Nd6 13.Rad1 f5 14.Nxd7 Qxd7 15.e3 Rf7
16.Rfe1 g5 17.Ba3 Ne8 18.Bc1 g4 19.h4 gxh3 20.Bxh3 h5 21.f3 Nf6 22.Kh1 Kh8
23.Rg1 Rg8 24.Rd2 Bf8 25.c5 Rfg7 26.Rdg2 Qc7 27.Qf2 Rg6 28.Bd2 Bh6 29.Be1 R8g7
30.Rh2 Kg8 31.Bf1 Kf8 32.Bd3 Ke8 33.Qe2 Rg5 34.Bf2 Kd7 35.Rh3 Kc8 36.Qe1 Rg8
37.Kg2 R5g7 38.Kf1 Rf7 39.Kg2 Bf8 40.Kh1 Be7 41.b4 Bd8 42.a4 Rfg7 43.Qe2 Qf7
44.b5 Bc7 45.bxc6 bxc6 46.Ba6+ Kd7 47.Bb7 e5 48.Bxc6+ Kd8 49.dxe5 Bxe5 50.Bb5 Qe6
51.Qf1 Bc7 52.Bd3 Rg5 53.Kh2  1/2-1/2

[Event "Lost Boys op"]
[Site "Antwerp"]
[Date "1999.08.06"]
[Round "7"]
[White "Chuchelov, Vladimir"]
[Black "Dutreeuw, Marc"]
[Result "1/2-1/2"]
[WhiteElo "2533"]
[BlackElo "2394"]

1.Nf3 d5 2.g3 Bg4 3.Bg2 c6 4.O-O Nd7 5.d3 Ngf6 6.Nbd2 e5 7.h3 Bxf3 8.Nxf3 g6
9.Nd2 Nc5 10.e3 Bd6 11.b3 O-O 12.Bb2 Re8 13.Qe2 a5 14.a3 Bf8 15.Rae1 Bg7
16.Qd1 e4 17.Qb1 Qe7 18.Rd1 exd3 19.cxd3 Nfd7 20.Bxg7 Kxg7 21.Rc1 Ne6 22.Qb2+ Qf6
23.Qxf6+ Kxf6 24.d4 Nc7 25.Rc2 Nb5 26.Ra1 Nd6 27.Bf1 Ra7 28.Rb1 Rea8 29.Bd3 Nf8
30.Nf3 Ne6 31.h4 Nc7 32.g4 Ncb5 33.Ra1 a4 34.b4 h6 35.Ne5 g5 36.hxg5+ hxg5
37.Nd7+ Ke7 38.Nb6 Rh8 39.Rc5 Nc7 40.Bc2 Ra6 41.Nxa4 Rha8 42.Ra5 Rxa5 43.bxa5 Rxa5
44.Nc3 Ncb5 45.Nxb5 Nxb5 46.a4 Nd6 47.Rb1  1/2-1/2

[Event "MK Cafe Cup-A"]
[Site "Koszalin"]
[Date "1999.08.06"]
[Round "4"]
[White "Stryjecki, Marek"]
[Black "Skripchenko, Almira"]
[Result "1/2-1/2"]
[WhiteElo "2448"]
[BlackElo "2456"]

1.g3 d5 2.Nf3 e6 3.Bg2 c6 4.O-O Nd7 5.b3 f5 6.Bb2 Ngf6 7.d3 Bc5 8.Nbd2 O-O
9.c4 Qe7 10.Qc2 a5 11.e4 a4 12.cxd5 cxd5 13.exf5 exf5 14.Rac1 Qd6 15.Nd4 Nb6
16.N2f3 Bd7 17.Bc3 f4 18.Qd2 fxg3 19.fxg3 axb3 20.axb3 Nc8 21.Kh1 Ne7 22.Ng5 Bxd4
23.Bxd4 Nc6 24.Bxf6 Rxf6 25.Rxf6 gxf6 26.Nh3 Bxh3 27.Bxh3 Kg7 28.Bg2 Ra3
29.Qd1 Qd7 30.Qh5 Rxb3 31.Bh3  1/2-1/2